Na dlhej ceste k Európskemu občianskemu zákonníku
Občianske právo, spoločnosť a právne prostredie. Hľadanie "vlastného práva" . Občianske právo v globalizačnom a integračnom kontexte. Zjednocovanie práva a jeho podoby. Harmonizácia verzus unifikácia práva. Organizované a spontánne práva. Iniciatívy v oblasti zjednocovania občianského práva v Európ...
Gespeichert in:
| 1. Verfasser: | |
|---|---|
| Format: | Buchkapitel |
| Sprache: | Slowakisch |
| Schlagworte: | |
| Tags: |
Keine Tags, Fügen Sie das erste Tag hinzu!
|
MARC
| LEADER | 00000naa$a2200000$$$4500 | ||
|---|---|---|---|
| 001 | 0094135 | ||
| 005 | 20231102092451.9 | ||
| 041 | 0 | |a slo | |
| 044 | |a SK | ||
| 245 | 1 | 0 | |a Na dlhej ceste k Európskemu občianskemu zákonníku |c Milan Jančo |
| 520 | |a Občianske právo, spoločnosť a právne prostredie. Hľadanie "vlastného práva" . Občianske právo v globalizačnom a integračnom kontexte. Zjednocovanie práva a jeho podoby. Harmonizácia verzus unifikácia práva. Organizované a spontánne práva. Iniciatívy v oblasti zjednocovania občianského práva v Európe. Inštitucionálne iniciatívy po roku 2001. Akademické iniciatívy. Európsky zákonník zmluvného práva. | ||
| 610 | 2 | 0 | |a zákonník občiansky |
| 610 | 2 | 0 | |a právo občianske |
| 610 | 2 | 0 | |a právo európske |
| 610 | 2 | 0 | |a spoločnosť |
| 610 | 2 | 0 | |a aproximácia práva |
| 610 | 2 | 0 | |a globalizácia |
| 610 | 2 | 0 | |a pojmy |
| 100 | 1 | |a Jančo, Milan | |